000 00845nam a22002297a 4500
001 7105
003 FISKH
005 20250623161953.0
008 250623b cb ||||| |||| 00| 0 eng d
020 _a9780531224991
040 _aFISKH
_beng
_cFISKH
_dFISKH
082 _a324.973
100 _aBenoit, Peter
245 _aRomney Vs. Obama :
_cBy Peter Benoit
_bElection 2012 /
260 _aNew York :
_bChildren's Press ,
_c2013.
300 _a64 pages :
_bcolor illustrations ;
_c23 cm .
490 _aCornerstones of Freedom
_vThird Series
520 _a"Read about the lives and political positions of this year's Democratic and Republican presidential candidates, and learn how one of these men will shape the nation's future." -- P. [4] of cover.
650 _aAmerican history
_vNon-fiction
942 _2ddc
_cBK
_n0
999 _c7105
_d7105